000 00474nam a2200193Ia 4500
005 20250425161503.0
008 250425s9999 xx 000 0 und d
041 _aspa
082 _a552
100 _aTYRRELL, G. W.
245 0 _aPRINCIPIOS DE PETROLOGIA: INTRODUCCION AL ESTUDIO DE LA CIENCIAS DE LAS ROCAS
250 _a1A ED.
260 _aMEXICO
260 _aMéxico
_bCECS
_c1960
300 _a369
650 _aPETROLOGIA
942 _c01
010 _a21408
999 _c210236
_d210236